Leading through conflict : how successful leaders transform differences into opportunities /

Bibliographic Details
Main Author: Gerzon, Mark
Format: Book
Published: Boston: Harvard Business School Press, 2006.
Subjects:
LEADER 00730cam a2200229 7i4500
001 0000062200
005 20151104090000.0
005 ##20151104184300.0
003 ##MY-KlINT
020 # # |a 159139919X  
039 # 9 |y 201511041843  |z VLOAD 
090 0 0 |a 658.4092 GER  
100 1 # |a Gerzon, Mark. 
245 1 0 |a Leading through conflict :   |b how successful leaders transform differences into opportunities /   |c Mark Gerzon.. 
260 # # |a Boston:   |b Harvard Business School Press,   |c 2006. 
300 # # |a xii, 273 p;   |c 24cm. 
650 # 0 |a Conflict Management  
650 # 0 |a Leadership  
996 |a ikwas2008.out 
997 |a 3000127241  |b IKWS  |c MNF  |d BOK 
998 |a 0000009151 
999 |a 3000127241  |b BOOK  |c Main Non-Fiction  |e INTAN Kampus Wilayah Selatan